Countries of North America without a map - Statistics

General Stats
  • This quiz has been taken 222 times
  • The average score is 20 of 23
Answer Stats
Hint Country % Correct
Country Canada
99%
Country Unites States/Usa
98%
Country Mexico
95%
Country Panama
90%
Country Cuba
88%
Country Honduras
88%
Country Costa Rica
87%
Country Haiti
87%
Country Dominica
86%
Country Guatemala
86%
Country Bahamas
85%
Country Belize
85%
Country Dominican Republic
85%
Country El Salvador
85%
Country Nicaragua
85%
Country Jamaica
83%
Country St. Lucia
83%
Country Barbados
82%
Country Trinidad
81%
Country St. Vincent and the Grenadines
80%
Country St. Kitts and Nevis
79%
Country Antigua and Barbuda
77%
Country Grenada
77%
No matching quizzes found
Score Distribution
Percent of People with Each Score
Percentile by Number Answered
Your Score History
You have not taken this quiz